000 00422nam a2200133Ia 4500
008 210430s9999 xx 000 0 und d
020 _a0975586017
082 _a327.2 S8935 S
100 _aAnwar Dil
_9360
245 _aStrategy, Diplomacy, Humanity: life and work of Shabzada Yaqub-Khan /
_cAnwar Dil
260 _aIslamabad
_bIntercultural Forum Takshila Research University
_c2005
300 _a396p
942 _cBK
_2ddc
999 _c561390
_d561390